| 000 | 00370nam a2200133Ia 4500 | ||
|---|---|---|---|
| 008 | 220214s9999 xx 000 0 und d | ||
| 022 | _a0141-3910 | ||
| 245 | 0 | _aPOLYMER DEGRADATION AND STABILITY | |
| 260 |
_bElsevier Applied Science, England _aUK |
||
| 310 | _aM | ||
| 500 | _aEnding Volume & Year: 13, 1985 | ||
| 500 | _aStarting Volume & Year: 2, 1980 | ||
| 942 | _cBJ | ||
| 999 |
_c13226 _d13226 |
||